000 00526nam a2200181Ia 4500
008 090201s9999 xx 000 0 und d
010 _aKPL-65396
040 _bमराठी
041 _aमराठी
082 _a3344
_b65396
100 _aसुधाकर कर्णिक
245 _aधांदल
_cसुधाकर कर्णिक
250 _a1
260 _c2003
_bसत्यजय प्रकाशन
300 _a426
_bमध्यम
600 _aधांदल
942 _cBOOK
999 _c204458
_d204458